№ 9 (136); Каротажник

Sonraí bibleagrafaíochta
Parent link:Каротажник: научно-технический вестник/ Ассоциация научно-технического и делового сотрудничества по геофизическим исследованиям и работам в скважинах. № 9 (136).— , 2000-
Teanga:Rúisis
Foilsithe / Cruthaithe: 2005
Formáid: MixedMaterials LEABHAR
KOHA link:https://koha.lib.tpu.ru/cgi-bin/koha/opac-detail.pl?biblionumber=400163

MARC

LEADER 00000nam2a2200000 4500
001 400163
005 20231101065341.0
035 |a (RuTPU)RU\TPU\prd\42220 
090 |a 400163 
100 |a 20060328a20009999m y0rusy50 ca 
101 0 |a rus 
102 |a RU 
200 0 |a № 9 (136) 
210 |d 2005 
461 1 |0 (RuTPU)RU\TPU\prd\35788  |t Каротажник  |o научно-технический вестник  |f Ассоциация научно-технического и делового сотрудничества по геофизическим исследованиям и работам в скважинах  |v № 9 (136)  |d 2000- 
801 0 |a RU  |b 63413507  |c 20010227  |g PSBO 
801 1 |a RU  |b 63413507  |c 20060328  |g PSBO 
801 2 |a RU  |b 63413507  |c 20181009  |g PSBO 
942 |c BK 
999 |a НТБ_ТПУ  |b НФ  |e -1/20060110  |p П-9377  |u 322,20  |v 1  |y 13821000849930